National Treasure characters by Pictures - Statistics

General Stats
  • This quiz has been taken 28 times
  • The average score is 3 of 6
Answer Stats
Picture Answer % Correct
Riley
100%
Benjamin
91%
Abigail
59%
Patrick
36%
Emily
32%
Shaw
27%
No matching quizzes found
Score Distribution
Percent of People with Each Score
Percentile by Number Answered
Your Score History
You have not taken this quiz